都道府県別 五十音順頭尾の市区町村 - Statistics

General Stats
  • This quiz has been taken 195 times
  • The average score is 40 of 94
Answer Stats
都道府県 Answer % Correct
最初 青森県 青森市
84%
最初 兵庫県 相生市
76%
最初 秋田県 秋田市
75%
最初 山形県 朝日町
67%
最初 富山県 朝日町
67%
最初 三重県 朝日町
67%
最初 東京都 青ヶ島村
65%
最初 神奈川県 愛川町
64%
最後 埼玉県 蕨市
64%
最後 和歌山県 和歌山市
64%
最初 北海道 愛別町
62%
最初 愛知県 愛西市
61%
最初 福島県 会津坂下町
60%
最後 石川県 輪島市
59%
最初 千葉県 旭市
58%
最初 静岡県 熱海市
58%
最初 新潟県 阿賀町
57%
最後 北海道 和寒町
57%
最初 福井県 あわら市
56%
最初 栃木県 足利市
55%
最初 茨城県 阿見町
54%
最初 高知県 安芸市
54%
最初 福岡県 赤村
53%
最初 岩手県 一関市
51%
最後 青森県 六ヶ所村
51%
最後 神奈川県 横浜市
50%
最初 滋賀県 愛荘町
49%
最初 愛媛県 愛南町
49%
最後 岡山県 和気町
49%
最初 広島県 安芸太田町
48%
最初 鹿児島県 姶良市
48%
最後 山口県 和木町
48%
最初 和歌山県 有田市
47%
最初 宮城県 石巻市
46%
最初 奈良県 明日香村
46%
最後 福井県 若狭町
46%
最初 徳島県 藍住町
45%
最初 群馬県 安中市
44%
最後 京都府 和束町
44%
最初 石川県 穴水町
43%
最後 鳥取県 若桜町
43%
最初 長野県 青木村
42%
最初 岡山県 赤磐市
42%
最初 山口県 阿武町
42%
最初 佐賀県 有田町
42%
最初 長崎県 壱岐市
42%
最初 熊本県 あさぎり町
42%
最初 大分県 宇佐市
42%
最後 鹿児島県 和泊町
42%
最初 埼玉県 上尾市
41%
最初 京都府 綾部市
41%
最後 岩手県 陸前高田市
41%
最初 島根県 海士町
39%
最初 宮崎県 綾町
39%
最後 秋田県 横手市
39%
最後 富山県 舟橋村
39%
最後 岐阜県 輪之内町
39%
最初 岐阜県 安八町
38%
最初 大阪府 池田市
38%
最後 滋賀県 竜王町
38%
最後 宮城県 亘理町
37%
最初 鳥取県 岩美町
36%
最初 香川県 綾川町
36%
最後 山形県 米沢市
36%
最後 徳島県 吉野川市
36%
最初 山梨県 市川三郷町
35%
最後 茨城県 龍ケ崎市
35%
最後 新潟県 湯沢町
35%
最初 沖縄県 粟国村
34%
最後 三重県 度会町
34%
最後 兵庫県 養父市
34%
最後 佐賀県 吉野ヶ里町
34%
最後 大分県 由布市
34%
最後 愛媛県 八幡浜市
33%
最後 千葉県 四街道市
32%
最後 奈良県 吉野町
31%
最後 香川県 三豊市
31%
最後 栃木県 矢板市
30%
最後 静岡県 吉田町
30%
最後 大阪府 八尾市
30%
最後 山梨県 山梨市
29%
最後 広島県 三次市
28%
最後 熊本県 苓北町
28%
最後 長崎県 南島原市
26%
最後 東京都 目黒区
25%
最後 島根県 吉賀町
25%
最後 福岡県 吉富町
24%
最後 沖縄県 読谷村
24%
最後 群馬県 吉岡町
22%
最後 愛知県 弥富市
21%
最後 福島県 湯川村
19%
最後 高知県 梼原町
19%
最後 宮崎県 諸塚村
16%
最後 長野県 山ノ内町
14%
No matching quizzes found
Score Distribution
Percent of People with Each Score
Percentile by Number Answered
Your Score History
You have not taken this quiz